Ομάδες με τους Περισσότερους Βαθμούς στην Α' Εθνική - Statistics

General Stats
  • This quiz has been taken 10 times
  • The average score is 9 of 10
Answer Stats
Ομάδα Βαθμοί % Correct
Ολυμπιακός 4590
100%
Παναθηναϊκός 4286
100%
ΑΕΚ 3735
100%
ΠΑΟΚ 3658
100%
Άρης 2806
100%
Ηρακλής 2404
89%
Πανιώνιος 2489
78%
ΟΦΗ 1955
78%
Απόλλων Σμύρνης 1639
67%
Εθνικός 1501
44%
No matching quizzes found
Score Distribution
Percent of People with Each Score
Percentile by Number Answered
Your Score History
You have not taken this quiz